000 00339nam a2200133 i 4500
001 bg
100 1 _aKARAŚ, Wanda
245 0 _aMaurice`a Dobba koncepcja wzrostu gospodarczego w socjalizmie /
_cWanda Karaś.
260 _aKraków,
_c1077.
040 _cBPK
041 _apol
942 _cKS
008 s pl f |000 0 pol
999 _c17784
_d17784
856 _uhttp://koha.tu.koszalin.pl/cgi-bin/koha/opac-detail.pl?biblionumber=17784
_yKatalog online BPK